01202cam a2200337 a 45000010008000000030006000080050017000140080041000310200025000720200032000970200034001290200031001630200032001940200029002260350017002550400031002720500025003031000028003282450064003562500012004202600048004323000079004803360026005593370028005853380027006135000087006405000020007275380072007476500024008197000021008432802320CaAEU20210615063139.0 s2004 njua 001 0 eng d a9780471417996 (hbk.) a0471417998 (acidfree paper) a9780555012345 (computer disc) a0555012344 (computer disc) a9780471215073 (study guide) a0471215074 (study guide) aon1155498998 aAEUbengcALUPE UNIVERSITY aQD 253.2 b.S65 20041 aSolomons, T. W. Graham.10aOrganic chemistry /cT.W. Graham Solomons, Craig B. Fryhle. a8th ed. a[Hoboken, NJ] :bJohn Wiley & Sons,cc2004. axxxii, 1255, [53] p. :bill. (some col.) ;c27 cm. +e1 CD-ROM (4 3/4 in.) atextbtxt2rdacontent aunmediatedbn2rdamedia avolumebnc2rdacarrier aAccompanied by Study guide and solutions manual, 8th ed. (xxv, 621 p.) [study gd.] aIncludes index. aSystem requirements for accompanying CD-ROM: Windows and Macintosh. 0aChemistry, Organic.1 aFryhle, Craig B.